Yale Alumni - Statistics

General Stats
  • This quiz has been taken 18 times
  • The average score is 28 of 111
Answer Stats
Hint Answer % Correct
42nd President of the United States from 1993 to 2001 Bill Clinton
88%
Secretary of State from 2009 to 2013, Senator from New York from 2001 to 2009 and first lady from 1993 to 2001 Hillary Clinton
88%
41st President of the United States from 1989 to 1993 George H. W. Bush
82%
43rd President of the United States from 2001 to 2009 George W. Bush
82%
Senator from Connecticut from 1952 to 1963, father and grandfather of a president Prescott Bush
82%
Governor of Ohio from 1999 to 2007 Bob Taft
76%
38th President of the United States from 1974 to 1977 Gerald Ford
76%
Vice President of the United States since 2025, Senator from Ohio from 2023 to 2025 and author of "Hillbilly Elegy" J. D. Vance
76%
27th President of the United States from 1909 to 1913 and chief justice from 1921 to 1930 William Howard Taft
76%
46th Vice President of the United States from 2001 to 2009 Dick Cheney
71%
Figure skater and 2022 Olympic champion Nathan Chen
65%
Inventor of Morse code Samuel Morse
59%
Inventor of the cotton gin Eli Whitney
41%
Governor of California from 1975 to 1983 and again from 2011 to 2019 Jerry Brown
41%
Actress, "Taxi Driver" "The Silence of the Lambs" "Inside Man" Jodie Foster
41%
Governor of California from 1991 to 1999 and Senator from California from 1983 to 1991 Pete Wilson
41%
Senator from Ohio from 2007 to 2025 Sherrod Brown
41%
Actress, "Alien" "Avatar" "Ghostbusters" Sigourney Weaver
41%
Actress best known for her role as Rose Armitage in "Get Out" Allison Williams
35%
Broadcast journalist working for CNN since 2001 Anderson Cooper
35%
Actor, "Fight Club" "American History X" "Birdman" Edward Norton
35%
Actress, "Kramer vs. Kramer" "Sophie's Choice" "Mamma Mia!" Meryl Streep
35%
Writer and poet who is the only person to have won Pulitzer Prizes for both fiction and poetry, "All the King's Men" Robert Penn Warren
35%
Associate justice of the Supreme Court since 1991 Clarence Thomas
29%
Actress, "Fargo" "Three Billboards Outside Ebbing, Missouri" "Nomadland" Frances McDormand
29%
Co-founder of Morgan Stanley Harold Stanley
29%
Actor best known for his roles as Fonzie in "Happy Days" and Barry Zuckerkorn in "Arrested Development" Henry Winkler
29%
Secretary of State from 2013 to 2017 and Senator from Massachusetts from 1985 to 2013 John Kerry
29%
Lexicographer and textbook pioneer, his name has become synonymous with dictionary in the United States Noah Webster
29%
Director, "Wall Street" "Born on the Fourth of July" "Natural Born Killers" Oliver Stone
29%
Senator from Minnesota since 2007 Amy Klobuchar
24%
Actress, "What's Love Got to Do with It" "Black Panther" "Malcolm X" "9-1-1" Angela Bassett
24%
First surgeon to successfully separate twins conjoined at the back of the head who later turned politician Ben Carson
24%
Journalist who is known for the original reporting on the Watergate scandal Bob Woodward
24%
Associate justice of the Supreme Court since 2018 Brett Kavanaugh
24%
Senator from New Jersey since 2013 Cory Booker
24%
Director, "On the Waterfront" "A Streetcar Named Desire" "Gentleman's Agreement" Elia Kazan
24%
Founder and chairman of FedEx Frederick W. Smith
24%
Director, "Butch Cassidy and the Sundance Kid" "The Sting" George Roy Hill
24%
Secretary of the Treasury from 2021 to 2025 and chair of the Federal Reserve from 2014 to 2018 Janet Yellen
24%
Actress, "12 Years a Slave" "Black Panther" "Us" Lupita Nyong'o
24%
Associate justice of the Supreme Court since 2009 Sonia Sotomayor
24%
Aviation pioneer and founder of a company which is now among the largest aerospace manufacturers in the world William Boeing
24%
Director, "All the President's Men" "Sophie's Choice" "The Pelican Brief" Alan J. Pakula
18%
Co-founder of Pinterest Ben Silbermann
18%
Actress best known for her role as Juliet Capulet in "Romeo + Juliet" and Carrie Mathison in "Homeland" Claire Danes
18%
Actor best known for his role as Fox Mulder in "The X-Files" David Duchovny
18%
Actress, "Requiem for a Dream" "A Beautiful Mind" "Top Gun: Maverick" Jennifer Connelly
18%
Actor best known for his role as Kendall Roy in "Succession" Jeremy Strong
18%
Senator from Connecticut from 1989 to 2013 and Democratic vice presidental nominee in the 2000 election Joe Lieberman
18%
Actor who portrayed Kang the Conqueror in the Marvel Cinematic Universe before he was found guilty of assault Jonathan Majors
18%
Actress best known for her role as Mia Toretto in "Fast and the Furious" Jordana Brewster
18%
Co-founder of Alibaba and owner of the Brooklyn Nets Joseph Tsai
18%
Senator from Missouri since 2019 Josh Hawley
18%
Philosopher and gender studies scholar who is considered influential to feminist and queer scholarship Judith Butler
18%
Co-founder of Twitch Justin Kan
18%
Comedian who appeared in "The Daily Show" and voiced the role of Anger in "Inside Out" Lewis Black
18%
Abstract painter best known for his color field paintings that depicted irregular and painterly rectangular regions of color Mark Rothko
18%
Director, "The Deer Hunter" Michael Cimino
18%
Actor, "The Holdovers" "Sideways" "Private Parts" "Straight Outta Compton" Paul Giamatti
18%
Actor, "The Color of Money" "Cat on a Hot Tin Roof" "The Hustler" Paul Newman
18%
Governor of Florida since 2019 Ron DeSantis
18%
Associate justice of the Supreme Court since 2006 Samuel Alito
18%
Senator from Rhode Island since 2007 Sheldon Whitehouse
18%
Film composer, "The Shawshank Redemption" "American Beauty" "Skyfall" Thomas Newman
18%
Playwright and novelist, "Out Town" "The Eighth Day" "The Skin of Our Teeth" Thornton Wilder
18%
Second Lady of the United States since 2025 Usha Vance
18%
Crown Princess of Sweden Victoria
18%
Lawyer and law professor who has represented famous clients like Mike Tyson, Julian Assange, O. J. Simpson, Harvey Weinstein, Jeffrey Epstein and Donald Trump Alan Dershowitz
12%
Senator from Pennsylvania from 1981 to 2011 Arlen Specter
12%
Senator from Nebraska from 2015 to 2023 Ben Sasse
12%
Administrator of NASA since 2021 and Senator from Florida from 2001 to 2019 Bill Nelson
12%
Founding director of Audible.com and Chief Creative Officer of Electronic Arts Bing Gordon
12%
Actor, "Atlanta" "If Beale Street Could Talk" "Eternals" "Bullet Train" Brian Tyree Henry
12%
Senator from Delaware since 2010 Chris Coons
12%
Actress, "The Holdovers" "Only Murders in the Building" Da'Vine Joy Randolph
12%
President of Mexico from 1994 to 2000 Ernesto Zedillo
12%
Governor of Washington from 1997 to 2005, first Asian American governor in the continental U.S. Gary Locke
12%
Governor of New York from 1995 to 2006 George Pataki
12%
Founder of Greenpeace Irving Stowe
12%
Senator from Vermont from 1989 to 2007 Jim Jeffords
12%
Attorney General from 2001 to 2005, Senator from Missouri from 1995 to 2001 and Governor of Missouri from 1985 to 1993 John Ashcroft
12%
Actor, "The Big Lebowski" "The Batman" "Transformers" "Monk" John Turturro
12%
Founder of Pan Am Juan Trippe
12%
Actress and comedian, "Bad Moms" "Spider-Man: Into the Spider-Verse" "WandaVision" "Crossing Jordan" Kathryn Hahn
12%
Prime Minister of Iceland since 2024 Kristrún Frostadóttir
12%
Actor, "John Wick" "The Wire" "Bosch" Lance Reddick
12%
Director, "Minari" "Twisters" Lee Isaac Chung
12%
Actor, "Scream" "Spotlight" "The French Dispatch" Liev Schreiber
12%
Prime Minister of Italy from 2011 to 2013 Mario Monti
12%
Governor of Minnesota from 2011 to 2019 Mark Dayton
12%
Senator from Colorado since 2009 Michael Bennet
12%
Head football coach of the Miami Dolphins since 2022 Mike McDaniel
12%
Governor of Connecticut since 2019 Ned Lamont
12%
Actor, "The Truman Show" "The Americans" "Super 8" Noah Emmerich
12%
Actress, "The Untouchables" "Easy A" "Sharp Objects" "House of Cards" Patricia Clarkson
12%
Senator from Connecticut since 2011 Richard Blumenthal
12%
Songwriter for musicals, best known for co-creating "The Book of Mormon" and co-writing the songs for "Frozen" and "Coco" Robert Lopez
12%
Actress best known for her roles as Darlene Conner in "Roseanne" and Leslie Winkle in "The Big Bang Theory" Sara Gilbert
12%
Creator of the Peace Corps and 1972 Democratic nominee for vice president Sargent Shriver
12%
Secretary of the Treasury since 2025 Scott Bessent
12%
First author from the United States to receive the Nobel Prize in Literature Sinclair Lewis
12%
Secretary of the Treasury from 2017 to 2021 Steven Mnuchin
12%
Prime Minister of Turkey from 1993 to 1996 and Turkey's first and only female prime minister Tansu Çiller
12%
Director, "Spotlight" Tom McCarthy
12%
Actor best known for his role as Adrian Monk in "Monk" Tony Shalhoub
12%
Actor best known for his role as M'Baku in "Black Panther" Winston Duke
12%
Actor, "Aquaman" "The Matrix Resurrections" "The Trial of the Chicago 7" Yahya Abdul-Mateen II
12%
Inventor of the submarine David Bushnell
6%
Baseball executive who became notable for helping to end two of the longest World Series droughts in MLB history (Red Sox and Cubs) Theo Epstein
6%
"Father of American Football" Walter Camp
6%
No matching quizzes found
Score Distribution
Percent of People with Each Score
Percentile by Number Answered
Your Score History
You have not taken this quiz